| 000 | 00724nam a22002057a 4500 | ||
|---|---|---|---|
| 999 |
_c813 _d813 |
||
| 003 | AR-CdUCM | ||
| 008 | 190225b ||||| |||| 00| 0 spa d | ||
| 040 |
_aMUNICIPALIDAD PROVINCIAL DEL CUSCO _cBIBLIOTECA MUNICIPAL DEL CUSCO |
||
| 082 |
_a869.566 / _bM26 |
||
| 110 |
_aBiblioteca Amauta / _93087 |
||
| 245 | _aObra de Jose Carlos Mariategui / | ||
| 260 |
_aPeru : _bEdit. Amauta, _c1950. |
||
| 300 |
_a286 paginas ; _c20.5 cm. |
||
| 505 | _aDos concepciones de vida --El hombre y el mito --La lucha final --La crisis de la democracia --La imaginación y el progreso ... | ||
| 650 |
_aRealidad peruana _92930 |
||
| 650 |
_aHistoria _9136 |
||
| 650 |
_aIdeología _91109 |
||
| 942 |
_2ddc _cLIBROS |
||
| 945 |
_arjall _d2019-02-25 |
||